LEADER 01124nam0 22002893i 450 001 SUN0133716 005 20210416115746.964 010 $a978-07-00-61893-4$d0.00 017 70$2N$a9780700623181 100 $a20210416d2017 |0engc50 ba 101 $aeng 102 $aUS 105 $a|||| ||||| 200 1 $a*Before earth day$ethe origins of american environmental law, 1945-1970$fKarl Boyd Brooks 205 $aLawrence : University Press of Kansas, 2017 210 $aXXIII$d251 p.$cill. ; 24 cm 215 $aPubblicazione in formato elettronico 620 $dLawrence$3SUNL000119 676 $a344.73$v21 700 1$aBrooks$b, Karl Boyd$3SUNV107495$0792332 712 $aUniversity Press of Kansas$3SUNV010141$4650 801 $aIT$bSOL$c20210419$gRICA 856 4 $uhttp://search.ebscohost.com/login.aspx?direct=true&scope=site&db=nlebk&db=nlabk&AN=2108058 912 $aSUN0133716 950 $aUFFICIO DI BIBLIOTECA DEL DIPARTIMENTO DI ECONOMIA$d03CONS EBOOK Eco $e03EB 45 20210416 996 $aBefore earth day$91771657 997 $aUNICAMPANIA LEADER 01782cam0-22003371i-450 001 990001664320403321 005 20250724135108.0 035 $a(Aleph)000166432FED01 100 $a20030910d1783----km-y0itay50------ba 101 0 $aita 102 $aIT 105 $ay-------001yy 200 1 $aDizionario d'agricoltura o sia La coltivazione italiana, in cui si contiene la coltura, e conservazione de' diversi prodotti riguardanti le terre seminative, i prati, i boschi, le vigne, ed i giardini. Come pure il governo de' bestiami, de' colombi, de' polli, dell'api, de' bachi da seta, le loro malattie, ed i loro rispettivi rimedj, ... Raccolto dalle pił sicure e recenti osservazioni da Ignazio Ronconi ... Tomo primo [-quarto] 205 $aNuova edizione corretta e notabilmente accresciuta dall'autore ... e divisa in quattro tomi 210 $aIn Venezia$cper Francesco Sansoni$d1783 215 $a4 v.$d8° 610 0 $aAgricoltura$aDizionari 610 0 $aLibri rari$a1700 620 $aItalia.$dVenezia 676 $a630.3$zita 676 $a094.2 700 1$aRonconi,$bIgnazio$071850 801 0$aIT$bUNINA$gRICA$2UNIMARC 901 $aAQ 912 $a990001664320403321 952 $a60 094.2 C 55$bOPV 35165...$fFAGBC 952 $aSG 400/A 10 (1)$fFLFBC 959 $aFAGBC 959 $aFLFBC 996 $aDizionario d'agricoltura o sia La coltivazione italiana, in cui si contiene la coltura, e conservazione de' diversi prodotti riguardanti le terre seminative, i prati, i boschi, le vigne, ed i giardini. Come pure il governo de' bestiami, de' colombi, de' polli, dell'api, de' bachi da seta, le loro malattie, ed i loro rispettivi rimedj, ... Raccolto dalle pił sicure e recenti osservazioni da Ignazio Ronconi ... Tomo primo$9373137 997 $aUNINA